Új Élet Az ifjú katolicizmus folyóirata : Szociális és társadalmi folyóirat

Sociálno-náboženský (rím.-kat.) maďarský mesačník

Bibliographic Details
Corporate Authors: Universum (Košice) (tlač.), Prohászka kör (Publisher), Sajó Vidék (Rožňava, Slovensko) (Printer), Sv. Alžbeta, úč. spol. (Košice, Slovensko)
Other Authors: Rády, Elemér (Publishing director), Suhaj, Béla (Publishing director, Publisher), Potocsny, József (Publishing director, Publisher), Sinkó, Ferenc (Publishing director, Publisher)
Format: Journal
Language:Hungarian
PhysicalDescription:13 roč. 25 x 17 cm
Published: Košice Prohászka-kör 1932-1/II 1933
Košice Sajó-Vidék
Košice Sajó-Vidék, Rožňava Potocsny József
Budapešť Ferenc Sinkó
Subjects:

MARC

LEADER 00000nas a22000001a 4500
001 vtls010300559
003 SK-MaSNL
005 20260228161749.0
008 110810d19321944xo mr p r 0 b0hun
015 |a SNBDS17XX9999 
015 |a 1511  |2 Kipsová 1919-38 
015 |a 0654  |2 Fedor 1939-44 
015 |a 0655  |2 Fedor 1939-44 
038 |a SNKBUDS 
040 |a SNK  |b slo  |c SNK  |e AACR2 
041 0 |a hun 
044 |a xo  |a hu  |c SK  |c HU 
245 0 0 |a Új Élet  |b Az ifjú katolicizmus folyóirata : Szociális és társadalmi folyóirat 
260 |a Košice  |b Prohászka-kör  |c 1932-1/II 1933 
260 2 |3 2/II 1933-1938  |a Košice  |b Sajó-Vidék 
260 2 |3 1939-1941  |a Košice  |b Sajó-Vidék, Rožňava  |b Potocsny József 
260 3 |3 1942-1944  |a Budapešť  |b Ferenc Sinkó 
300 |a 13 roč.  |c 25 x 17 cm 
310 |a 1x mesačne  |b 9/VIII 1939-1944 
321 |a 11x ročne  |b 11/[I] 1932-8/VIII 1939 
321 |a 10x ročne  |b 1/[I] 1932-10/[I] 1932 
362 0 |a Roč. [I], č. 1 (jan. 1932)-roč. III, č. 8 (aug. 1944) 
500 |a Zmena podnázvu: od 11/[I] (dec. 1932) Szociális és világnézeti folyóirat; od 1/III (jan. 1934) Az ifjú katolicizmus szociális és világnézeti folyóirata; od 1/VIII (1939) Felvidéki katolikus szociális és világnézeti szemle; od 9/VIII (1939) Katolikus szociális és világnézeti szemle 
500 |a Vych. v Košiciach; od 1/VIII (1939) (redakcia, administrácia v Rožňave); od r. 1942 v Budapešti ročne desaťkrát; od 11/[I] (dec. 1932) ročne jedenásť ráz; od 9/VIII (1939) mesačne vo formáte 25 x 17 cm; od 1/VIII (1939) 24 x 17 cm; od r. 1942 30 x 21 cm 
500 |a Hlav. red. od 2/II (febr. 1933) Elemér Rády. Zodp. red. Béla Suhaj; od 10/III (nov. 1934) József Potocsny, od r. 1942 zodp. red. Ferenc Sinkó. Red. v mene redakčného výboru Prohászka-kör, Elemér Rády; od 9/IV (sept. 1935) Ferenc Sinkó; od 1/VIII (1939) red. András Karoly; od r. 1942 red. András Károly. Spolured. od 10/II (nov. 1933) Ferenc Sinkó; od 10/III (nov. 1934) Ferenc Sinkó, László Ikvay; od 7/VII (leto 1938) Karol András. Hlav. spoluprac. od 9/IV (sept. 1935) László Mécs, Sándor Vajlok, László Ikvay. Pedagog. spoluprac. od 1/VII (jan. 1938) Gejza Borka, Árpád Csongrády, Karol Dinnyés a Ján Willand. Slov. red. (od 2/VIII 1939) Esterházy Lujza, Ujlak pri Nitre 
500 |a Vyd. Prohászka-kör; od 2/II (febr. 1935) Sajó-Vidék; od 1/VIII (1939) Potocsny József, Sajó-Vidék, Rožňava; od r. 1942 Ferenc Sinkó 
500 |a Maj. Béla Suhaj 
500 |a Tlač. Universum, Košice; od 2/II (febr. 1933) Sajó-Vidék nyomdavállalat, Rožňava; od r. 1942 Szent Erzsébet, Košice 
500 |a Začal vychádzať v januári 1932. 8-9. číslo IX. ročníka (august - sept. 1940) bolo na Slovensku zakázané. Vych. do (augusta 1944) 
505 8 0 |g Roč. [I.] 1932 11 čís. 464 s. 
505 8 0 |g Roč. II. 1933 11 čís. 652 s. 
505 8 0 |g Roč. III. 1934 11 čís. 708 s. 
505 8 0 |g Roč. IV. 1935 12 čís. 664 s. 
505 8 0 |g Roč. V. 1936 11 čís. 634 s. 
505 8 0 |g Roč. VI. 1937 11 čís. 524 s. 
505 8 0 |g Roč. VII. 1938 7 čís. 335 s. 
505 8 0 |g Roč. VIII. 1939 12 čís. 420 s. + IV s. 
505 8 0 |g Roč. IX. 1940 12 čís. 384 s. + IV s. 
505 8 0 |g Roč. X. 1941 12 čís. 352 s. 
505 8 0 |g Roč. I. 1942 - uvádza Kassai Kat. tudosító v júni 
505 8 0 |g Roč. II. 1943 
505 8 0 |g Roč. III. 1944 8 čís. 220 s. 
515 |a V roku 1942 začal vychádzať s novým číslovaním ročníkov 
520 |a Sociálno-náboženský (rím.-kat.) maďarský mesačník 
610 2 7 |a Katolícka cirkev  |2 SNKBUDS  |9 206702 
650 0 7 |a náboženstvo  |2 SNKPH  |9 2023 
650 0 7 |a cirkevný život  |2 SNKBUDS  |9 75120 
655 7 |a katolícke náboženské časopisy  |2 SNKBUDS  |9 268945 
700 1 |a Rády, Elemér  |4 pbd  |4 red  |9 269471 
700 1 |a András, Karol  |4 red  |9 269472 
700 1 |a Mécs, László,  |d 1895-1978  |4 red  |9 103321 
700 1 |a Suhaj, Béla  |4 pbd  |9 269473 
700 1 |a Potocsny, József  |4 pbd  |9 269474 
700 1 |a Prohászka  |4 red  |9 269475 
700 1 |a Sinkó, Ferenc  |4 pbd  |4 red  |9 269476 
700 1 |a Ikvay, László  |4 red  |9 269477 
700 1 |a Vajlok, Sándor  |4 red  |9 269478 
700 1 |a Borka, Géza,  |d 1894-1977  |4 red  |9 178381 
700 1 |a Csongrády, Árpád  |4 red  |9 269479 
700 1 |a Dinnyés, Karol  |4 red  |9 269480 
700 1 |a Willand, Ján  |4 red  |9 269481 
700 1 |a Esterházy, Lujza,  |d 1899-1966  |4 red  |9 269482 
700 1 |a Károly, András  |4 red  |9 269483 
710 0 |a Suhaj, Béla  |e vydav.  |9 269484 
710 2 |a Universum (Košice)  |e tlač.  |9 269485 
710 2 |a Prohászka kör  |e vydav.  |9 269486 
710 2 |a Sajó Vidék (Rožňava, Slovensko),  |d 1898-1944  |4 prt  |9 166522 
710 0 |a Potocsny, József  |e vydav.  |9 269487 
710 0 |a Sinkó, Ferenc  |e vydav.  |9 269488 
710 2 |a Sv. Alžbeta, úč. spol. (Košice, Slovensko),  |d 1907-1949  |9 269489 
852 |a SNK  |b 10000  |h ČSB 372 
852 |a UKB  |b 300000  |h 21 D 7558 
852 |a PANKP  |b 5000000  |h 52 E 242 
852 |a PANKP  |b 5000000  |h II 13030 
852 |a HUOSZK  |b 5030000  |h 24.366 
999 |c 6014  |d 7944